00438nam a22001577a 4500003000400000005001700004008004100021020001500062040000600077082002000083100002000103245006100123260003700184300001500221440004400236OSt20180116183047.0160721b xxu||||| |||| 00| 0 eng d a9960260119 c0 a214.61 ALB 1995 aDr. Isam Ghanem aContemporary Topics in Islamic MedicinecDr. Isam Ghanem aJeddahbSaudi Publishing c1995 a175 p.bPB aContemporary Topics in Islamic Medicine